000
00274nam a22001097a 4500
008
160406b xxu||||| |||| 00| 0 eng d
020
_a
0824784800
082
_a
351 HED
100
_a
RABIN.
245
_a
PUBLIC ADMINISTRATION.
260
_a
BOCARATON;
_b
TAYLOR AND FRANCIS,
_c
2006.
999
_c
4104
_d
4104